[Event "Douglas Major & Minor op"]
[Site "Douglas"]
[Date "2023.11.03"]
[Round "7"]
[White "Cross, Glenn"]
[Black "Smith, Paul"]
[Result "0-1"]
[WhiteElo "1742"]
[BlackElo "1653"]
[PlyCount "152"]
[EventDate "2023.10.28"]
[EventType "swiss"]
[EventRounds "7"]
[EventCountry "IOM"]
[SourceTitle "CB46_2023"]
[SourceDate "2023.11.15"]
[SourceVersion "1"]
[SourceVersionDate "2023.11.15"]
[SourceQuality "1"]

1. d4 Nf6 2. c4 e6 3. Bg5 Be7 4. Nf3 b6 5. Nc3 Bb7 6. e3 d6 7. Be2 Nbd7 8. 0-0 0-0 9. Nd2 Re8 10. f3 Nf8 11. Bh4 Ng6 12. Bf2 a6 13. b4 Nd7 14. Rb1 Rb8 15. Bg3 Bh4 16. Qc2 Bxg3 17. hxg3 Ndf8 18. Kf2 Ne7 19. Rh1 g6 20. g4 f5 21. gxf5 exf5 22. d5 Kg7 23. Qb2 Ng8 24. Nce4+ Nf6 25. Nxf6 Qxf6 26. Qxf6+ Kxf6 27. Nb3 Re7 28. Nd4 Rbe8 29. Rb3 Ra8 30. Ra3 Rae8 31. Rd1 Rd8 32. Bd3 Nd7 33. Bc2 Ne5 34. Rc3 a5 35. b5 Nd7 36. Ne6 Nf8 37. Nd4 Rde8 38. Re1 Nd7 39. Ne6 Ne5 40. Bd1 Nxc4 41. e4 fxe4 42. Rxe4 Bxd5 43. Nxc7 Bxe4 44. Nxe8+ Rxe8 45. Rxc4 Bd5 46. Rc2 h5 47. Rd2 Ke6 48. f4 Rf8 49. g3 Bc4 50. Be2 d5 51. Ke3 Rc8 52. Kd4 Kd6 53. Bf3 Rc5 54. g4 hxg4 55. Bxg4 Bxb5 56. Rb2 Rc4+ 57. Ke3 Kc5 58. Bf3 Rc3+ 59. Kf2 Ra3 60. Bxd5 Kxd5 61. Rxb5+ Kc6 62. Rb2 b5 63. Rc2+ Kd5 64. Rb2 b4 65. Rd2+ Ke4 66. Rd6 Kf5 67. Rd2 Kxf4 68. Kg2 g5 69. Rf2+ Kg4 70. Rd2 Kh4 71. Rd4+ g4 72. Rd2 a4 73. Rb2 b3 74. axb3 Rxb3 75. Ra2 a3 76. Kf1 Rb1+ 0-1

[Event "Douglas Major & Minor op"]
[Site "Douglas"]
[Date "2023.10.30"]
[Round "3"]
[White "Smith, Paul"]
[Black "Dunkley, David"]
[Result "1-0"]
[WhiteElo "1653"]
[BlackElo "1270"]
[PlyCount "103"]
[EventDate "2023.10.28"]
[EventType "swiss"]
[EventRounds "7"]
[EventCountry "IOM"]
[SourceTitle "CB46_2023"]
[SourceDate "2023.11.15"]
[SourceVersion "1"]
[SourceVersionDate "2023.11.15"]
[SourceQuality "1"]

1. d4 d5 2. Bf4 Nc6 3. c3 Bf5 4. Nf3 e6 5. e3 Bd6 6. Bg3 Nf6 7. Nbd2 0-0 8. Be2 Ne4 9. Nh4 Nxg3 10. hxg3 Ne7 11. Nxf5 exf5 12. Qc2 g6 13. 0-0-0 Qd7 14. Rh6 a6 15. Rdh1 Nc8 16. Rxh7 Nb6 17. Kb1 Rae8 18. Bd3 Qa4 19. b3 Qd7 20. g4 fxg4 21. Bxg6 Qe6 22. Bf5 Qf6 23. g3 Rb8 24. R1h4 Rfe8 25. Rxg4+ Kf8 26. Rgh4 Ke7 27. g4 Rh8 28. Kb2 Rxh7 29. Rxh7 Rh8 30. f4 Rxh7 31. Bxh7 Qh4 32. g5 Qf2 33. Qd3 c5 34. f5 c4 35. f6+ Kf8 36. Qc2 Qxe3 37. g6 fxg6 38. Bxg6 Qf2 39. f7 a5 40. bxc4 Nxc4+ 41. Nxc4 Qxc2+ 42. Kxc2 dxc4 43. a4 Kg7 44. Bh5 Kh6 45. Be2 Kg7 46. Bxc4 b6 47. Kd3 Kf6 48. Ke4 Ke7 49. Kd5 Kd7 50. Bb5+ Kc7 51. Ke6 Kd8 52. Kxd6 1-0

[Event "Douglas Major & Minor op"]
[Site "Douglas"]
[Date "2023.10.29"]
[Round "2"]
[White "Allen, Keith"]
[Black "Smith, Paul"]
[Result "1-0"]
[WhiteElo "2128"]
[BlackElo "1653"]
[PlyCount "119"]
[EventDate "2023.10.28"]
[EventType "swiss"]
[EventRounds "7"]
[EventCountry "IOM"]
[SourceTitle "CB46_2023"]
[SourceDate "2023.11.15"]
[SourceVersion "1"]
[SourceVersionDate "2023.11.15"]
[SourceQuality "1"]

1. e4 c5 2. Nf3 d6 3. d4 cxd4 4. Qxd4 a6 5. c4 Nc6 6. Qd1 g6 7. Nc3 Bg7 8. Be2 Nf6 9. h3 Bd7 10. Be3 Rc8 11. Rc1 0-0 12. 0-0 Nb8 13. Bd3 Bc6 14. Nd4 Bd7 15. f4 Nc6 16. Nf3 e5 17. Qd2 Qa5 18. Qf2 exf4 19. Bxf4 Ne8 20. Rfd1 Be6 21. Nd5 Bxd5 22. cxd5 Ne7 23. Bg5 Rxc1 24. Rxc1 f6 25. Bd2 Qd8 26. Nd4 Qb6 27. Be3 Qa5 28. Ne6 Rf7 29. a3 Qa4 30. Nd8 Rf8 31. Ne6 Rf7 32. Nd8 Rf8 33. Bd4 Qd7 34. Ne6 Rf7 35. Qh4 Bh8 36. b3 g5 37. Qg4 Ng6 38. g3 Ne5 39. Bxe5 dxe5 40. Qf3 Bg7 41. Be2 Bf8 42. b4 Bd6 43. Qe3 Ng7 44. Kg2 Nxe6 45. dxe6 Qxe6 46. Bc4 Qe7 47. Qd3 Kg7 48. Bxf7 Kxf7 49. Qd5+ Kg7 50. Rd1 Bb8 51. Qd8 Qxd8 52. Rxd8 Ba7 53. Rd7+ Kg6 54. Rxb7 Bd4 55. g4 h5 56. a4 hxg4 57. hxg4 Kh6 58. a5 Kg6 59. b5 axb5 60. a6 1-0

[Event "Douglas Major & Minor op"]
[Site "Douglas"]
[Date "2023.10.28"]
[Round "1"]
[White "Coote, Trevor D"]
[Black "Smith, Paul"]
[Result "1-0"]
[WhiteElo "2001"]
[BlackElo "1653"]
[PlyCount "59"]
[EventDate "2023.10.28"]
[EventType "swiss"]
[EventRounds "7"]
[EventCountry "IOM"]
[SourceTitle "CB46_2023"]
[SourceDate "2023.11.15"]
[SourceVersion "1"]
[SourceVersionDate "2023.11.15"]
[SourceQuality "1"]

1. d4 Nf6 2. Nc3 d5 3. e4 dxe4 4. f3 exf3 5. Nxf3 c6 6. Bc4 Bg4 7. Bxf7+ Kxf7 8. Ne5+ Kg8 9. Nxg4 Nbd7 10. Qe2 Qe8 11. 0-0 h6 12. Ne5 e6 13. Bd2 Bd6 14. Rae1 Nxe5 15. dxe5 Bc5+ 16. Kh1 Nd7 17. Ne4 Be7 18. Qg4 Nf8 19. Nf6+ Bxf6 20. exf6 Qg6 21. Qxg6 Nxg6 22. fxg7 Kxg7 23. Rxe6 Rhe8 24. Bc3+ Kh7 25. Rf7+ Kg8 26. Rg7+ Kf8 27. Rgxg6 Rxe6 28. Rxe6 Rd8 29. h3 Rd7 30. Rxh6 1-0

[Event "Douglas IoM Minor op"]
[Site "Douglas"]
[Date "2017.10.01"]
[Round "7"]
[White "Egan, William J"]
[Black "Smith, Paul"]
[Result "0-1"]
[WhiteElo "1571"]
[BlackElo "1708"]
[PlyCount "50"]
[EventDate "2017.09.25"]
[EventType "swiss"]
[EventRounds "7"]
[EventCountry "IOM"]
[SourceTitle "EXT 2019"]
[Source "ChessBase"]
[SourceDate "2018.10.10"]
[SourceVersion "1"]
[SourceVersionDate "2018.10.10"]
[SourceQuality "1"]

1. d4 Nf6 2. c4 e6 3. Nf3 b6 4. g3 Bb7 5. Bg2 Be7 6. 0-0 0-0 7. Nc3 d6 8. Qc2 Nbd7 9. Rd1 Re8 10. e4 Nf8 11. e5 N6d7 12. exd6 cxd6 13. Be3 a6 14. Rac1 Rc8 15. Qe2 Ng6 16. a3 h6 17. Rd2 Nf6 18. b4 Qc7 19. c5 Ng4 20. cxd6 Qxd6 21. Ne5 Bxg2 22. Kxg2 N4xe5 23. dxe5 Qc6+ 24. Kg1 Nxe5 25. Bxh6 Nf3+ 0-1

[Event "Douglas IoM Minor op"]
[Site "Douglas"]
[Date "2017.09.30"]
[Round "6"]
[White "Smith, Paul"]
[Black "Beadle, John R"]
[Result "1-0"]
[WhiteElo "1708"]
[BlackElo "1558"]
[PlyCount "107"]
[EventDate "2017.09.25"]
[EventType "swiss"]
[EventRounds "7"]
[EventCountry "IOM"]
[SourceTitle "EXT 2019"]
[Source "ChessBase"]
[SourceDate "2018.10.10"]
[SourceVersion "1"]
[SourceVersionDate "2018.10.10"]
[SourceQuality "1"]

1. d4 f5 2. Bf4 Nf6 3. Nf3 e6 4. h3 d5 5. e3 c5 6. c3 Be7 7. Nbd2 0-0 8. Be2 Nbd7 9. 0-0 Ne4 10. Ne5 Ndf6 11. f3 Nxd2 12. Qxd2 Nh5 13. Bh2 c4 14. b3 cxb3 15. axb3 Bh4 16. Rfb1 Ng3 17. Bd3 Qf6 18. Bxg3 Bxg3 19. f4 Qe7 20. Bb5 a6 21. b4 Qc7 22. Rb2 Bh4 23. Rba2 Bf6 24. Nd3 Bd7 25. Bxd7 Qxd7 26. Nc5 Qc6 27. Qd3 Rae8 28. Rb1 Be7 29. b5 axb5 30. Qxb5 Bxc5 31. Qxc6 bxc6 32. dxc5 e5 33. Ra7 Rf7 34. Rbb7 Rxb7 35. Rxb7 exf4 36. exf4 Re4 37. Rc7 Re6 38. Kf2 h6 39. g4 fxg4 40. hxg4 g6 41. Kf3 Kh8 42. Rd7 Kg8 43. Rd6 Rxd6 44. cxd6 Kf7 45. f5 gxf5 46. gxf5 c5 47. Kf4 d4 48. cxd4 cxd4 49. Ke4 h5 50. Kxd4 h4 51. Ke3 h3 52. Kf2 h2 53. Kg2 Ke8 54. f6 1-0

[Event "Douglas IoM Major op"]
[Site "Douglas"]
[Date "2016.10.08"]
[Round "6"]
[White "Smith, Paul"]
[Black "Harris, John2222"]
[Result "0-1"]
[WhiteElo "1743"]
[BlackElo "1564"]
[PlyCount "88"]
[EventDate "2016.10.03"]
[EventType "swiss"]
[EventRounds "7"]
[EventCountry "IOM"]
[SourceTitle "EXT 2019"]
[Source "ChessBase"]
[SourceDate "2018.10.10"]
[SourceVersion "1"]
[SourceVersionDate "2018.10.10"]
[SourceQuality "1"]

1. Nf3 Nf6 2. d4 g6 3. Bf4 Bg7 4. c3 0-0 5. Nbd2 d6 6. h3 Nfd7 7. e3 e5 8. dxe5 dxe5 9. Bg5 f6 10. Bh4 Nc6 11. Bc4+ Kh8 12. Qc2 g5 13. Bg3 f5 14. 0-0-0 e4 15. Nd4 Nxd4 16. cxd4 c6 17. Bd6 Rf6 18. Bb4 b5 19. Be2 a5 20. Bc5 Nb8 21. b3 Be6 22. Kb1 Na6 23. a3 Bd5 24. g4 Qd7 25. Rdf1 Nxc5 26. Qxc5 Bf8 27. Qc1 Qe7 28. gxf5 Qxa3 29. Qxa3 Bxa3 30. Bg4 Bb4 31. Kc2 a4 32. bxa4 bxa4 33. Ra1 h5 34. Bxh5 Rxf5 35. Rh2 c5 36. dxc5 Bxc5 37. Bg4 Rf7 38. Rg2 a3 39. Bh5 Rc7 40. Kd1 Be7 41. Nb1 Bb3+ 42. Ke2 Rc2+ 43. Kf1 Rc1+ 44. Ke2 a2 0-1

[Event "Lippe Cup-B 08th"]
[Site "Lieme"]
[Date "2011.10.30"]
[Round "5"]
[White "Huber, Helmut"]
[Black "Smith, Paul"]
[Result "1-0"]
[WhiteElo "1404"]
[BlackElo "1549"]
[PlyCount "75"]
[EventDate "2011.10.28"]
[EventType "swiss"]
[EventRounds "5"]
[EventCountry "GER"]
[SourceTitle "EXT 2012"]
[Source "ChessBase"]
[SourceDate "2011.11.24"]
[SourceVersion "1"]
[SourceVersionDate "2011.11.24"]
[SourceQuality "1"]

1. Nf3 d5 2. d4 Nf6 3. c4 c6 4. Nc3 dxc4 5. e4 b5 6. e5 Nd5 7. a4 b4 8. Ne4 Bf5 9. Ng3 Bg6 10. Bxc4 e6 11. 0-0 a5 12. Qe2 Be7 13. Bd2 Nd7 14. Rac1 0-0 15. Bd3 Bxd3 16. Qxd3 c5 17. Nh5 cxd4 18. Qxd4 f5 19. Ng3 Qe8 20. Rc6 Nb8 21. Rc4 Nc6 22. Qd3 Nb6 23. Rcc1 Rc8 24. Qb5 Nd5 25. Ne2 g5 26. Bxg5 Bxg5 27. Nxg5 Nxe5 28. Qxe8 Rxc1 29. Rxc1 Rxe8 30. Nd4 Nf4 31. Rc7 Rd8 32. g3 Rxd4 33. gxf4 Rd1+ 34. Kg2 Nd3 35. Nxe6 Nxb2 36. Rg7+ Kh8 37. Ra7 Nd3 38. Ra8# 1-0

[Event "Isle of Man op"]
[Site "Port Erin"]
[Date "2011.10.07"]
[Round "2"]
[White "Blore, John D"]
[Black "Smith, Paul"]
[Result "1-0"]
[WhiteElo "2137"]
[BlackElo "1810"]
[PlyCount "149"]
[EventDate "2011.10.07"]
[EventType "swiss"]
[EventRounds "6"]
[EventCountry "IOM"]
[SourceTitle "EXT 2015"]
[Source "ChessBase"]
[SourceDate "2014.11.20"]
[SourceVersion "1"]
[SourceVersionDate "2014.11.20"]
[SourceQuality "1"]

1. e4 d5 2. exd5 Qxd5 3. Nc3 Qa5 4. d4 c6 5. Nf3 Nf6 6. Ne5 Nbd7 7. Nc4 Qc7 8. Qf3 Nb6 9. Bf4 Qd8 10. Be5 Be6 11. Ne3 Nfd5 12. Bd3 f6 13. Bg3 Bf7 14. a3 e6 15. 0-0 Bd6 16. Ncxd5 exd5 17. Bxd6 Qxd6 18. Nf5 Qf8 19. Rfe1+ Kd8 20. Qf4 Nc8 21. Re2 g6 22. Ne3 Be6 23. Rae1 g5 24. Qf3 h5 25. Bf5 Bd7 26. Bxd7 Kxd7 27. Nf5 Rh7 28. Qd3 Rf7 29. c4 dxc4 30. Qxc4 Nb6 31. Qe6+ Kc7 32. Qb3 Nd5 33. Qc2 Rd8 34. Qc5 Qxc5 35. dxc5 Nf4 36. Re8 Rdd7 37. Nd6 Rxd6 38. cxd6+ Kxd6 39. g3 Nd5 40. Rh8 a5 41. Rxh5 a4 42. h4 gxh4 43. Rxh4 b5 44. Rhe4 Nb6 45. Re6+ Kd5 46. Re7 Rf8 47. f4 Nc4 48. R1e2 f5 49. Kf2 Rf6 50. Kf3 Nd6 51. g4 fxg4+ 52. Kxg4 Rg6+ 53. Kh5 Rf6 54. Kg5 Rf5+ 55. Kg4 Rf6 56. R7e5+ Kc4 57. Re6 Rxe6 58. Rxe6 Kd5 59. Re2 c5 60. Kg5 b4 61. f5 bxa3 62. bxa3 c4 63. f6 c3 64. Kg6 Kd4 65. Re6 Ne4 66. f7 Kd5 67. Rxe4 Kxe4 68. f8Q Kd3 69. Qd6+ Ke2 70. Qe5+ Kd2 71. Qd4+ Kc2 72. Qxa4+ Kc1 73. Qc4 c2 74. a4 Kb1 75. Qxc2+ 1-0

[Event "Lippe Cup 05th"]
[Site "Lieme"]
[Date "2008.09.28"]
[Round "5"]
[White "Wangert, Herbert"]
[Black "Smith, Paul"]
[Result "1-0"]
[WhiteElo "1593"]
[BlackElo "1516"]
[PlyCount "34"]
[EventDate "2008.09.26"]
[EventType "swiss"]
[EventRounds "5"]
[EventCountry "GER"]
[SourceTitle "EXT 2012"]
[Source "ChessBase"]
[SourceDate "2011.11.24"]
[SourceVersion "1"]
[SourceVersionDate "2011.11.24"]
[SourceQuality "1"]

1. Nf3 c5 2. g3 Nc6 3. Bg2 Nf6 4. d4 cxd4 5. Nxd4 e5 6. Nb5 d6 7. Bg5 a6 8. Bxf6 gxf6 9. N5c3 Rb8 10. Nd5 Bg7 11. e4 f5 12. exf5 Bxf5 13. c3 0-0 14. 0-0 Be6 15. Na3 f5 16. f4 e4 17. Qd2 Bxd5 1-0

[Event "Lippe Cup 04th"]
[Site "Lieme"]
[Date "2007.09.30"]
[Round "4"]
[White "Smith, Paul"]
[Black "Wangert, Herbert"]
[Result "0-1"]
[WhiteElo "1467"]
[BlackElo "1618"]
[PlyCount "70"]
[EventDate "2007.09.28"]
[EventType "swiss"]
[EventRounds "5"]
[EventCountry "GER"]
[SourceTitle "EXT 2012"]
[Source "ChessBase"]
[SourceDate "2011.11.24"]
[SourceVersion "1"]
[SourceVersionDate "2011.11.24"]
[SourceQuality "1"]

1. e4 c5 2. Nc3 Nc6 3. f4 e6 4. Nf3 d5 5. Bb5 d4 6. Bxc6+ bxc6 7. Ne2 Nf6 8. d3 Be7 9. 0-0 a5 10. Bd2 Ba6 11. Ne5 Qc7 12. c4 dxc3 13. Nxc3 Bd6 14. Nc4 Bxc4 15. dxc4 e5 16. f5 Be7 17. Qe1 0-0 18. Qf2 Rfd8 19. Rad1 Rd4 20. b3 Rad8 21. Be3 Nxe4 22. Qc2 Nxc3 23. Bxd4 Nxd1 24. Bxe5 Qxe5 25. Rxd1 Rxd1+ 26. Qxd1 Qxf5 27. Qe1 Qf6 28. Qxa5 Qd4+ 29. Kf1 g6 30. Qa8+ Kg7 31. Qa7 Bf6 32. Qa6 Qf4+ 33. Ke2 Qe4+ 34. Kf1 Bc3 35. g3 Qf3+ 0-1

[Event "Lippe Cup 04th"]
[Site "Lieme"]
[Date "2007.09.29"]
[Round "2"]
[White "Smith, Paul"]
[Black "Rathmann, Martha"]
[Result "1-0"]
[WhiteElo "1467"]
[BlackElo "1332"]
[PlyCount "83"]
[EventDate "2007.09.28"]
[EventType "swiss"]
[EventRounds "5"]
[EventCountry "GER"]
[SourceTitle "EXT 2012"]
[Source "ChessBase"]
[SourceDate "2011.11.24"]
[SourceVersion "1"]
[SourceVersionDate "2011.11.24"]
[SourceQuality "1"]

1. e4 e6 2. d4 d5 3. Nc3 c5 4. dxc5 Bxc5 5. exd5 exd5 6. Qxd5 Qb6 7. Qf3 Ne7 8. Bd3 0-0 9. Nge2 Be6 10. 0-0 Nd7 11. Na4 Qc7 12. Nxc5 Nxc5 13. Bf4 Qb6 14. Nc3 Nf5 15. Bxf5 Bxf5 16. Nd5 Qd8 17. Ne3 Be4 18. Qg3 Re8 19. Rad1 Qf6 20. c3 Nd3 21. Bg5 Qc6 22. Ng4 Kf8 23. Rxd3 Bxd3 24. Qxd3 Re4 25. f3 Re6 26. Nf2 Rae8 27. Bh4 g6 28. Qd4 f6 29. Ne4 Kf7 30. Rd1 g5 31. Bg3 Kg6 32. Qd3 f5 33. Nd6 Qb6+ 34. Kf1 Rf8 35. Nc4 Qb5 36. b3 Kh5 37. Bf2 g4 38. fxg4+ fxg4 39. Qxh7+ Rh6 40. Qg7 Rf5 41. Kg1 Rd5 42. Qf7+ 1-0

[Event "Lippe Cup 02nd"]
[Site "Lieme"]
[Date "2005.10.08"]
[Round "3"]
[White "Haring, Frank"]
[Black "Smith, Paul"]
[Result "0-1"]
[WhiteElo "1644"]
[BlackElo "1490"]
[PlyCount "34"]
[EventDate "2005.10.07"]
[EventType "swiss"]
[EventRounds "5"]
[EventCountry "GER"]
[SourceTitle "EXT 2012"]
[Source "ChessBase"]
[SourceDate "2011.11.24"]
[SourceVersion "1"]
[SourceVersionDate "2011.11.24"]
[SourceQuality "1"]

1. c4 Nf6 2. Nc3 Nc6 3. d4 e5 4. d5 Ne7 5. Nf3 Ng6 6. e4 Bc5 7. Bd3 0-0 8. 0-0 d6 9. h3 Nh5 10. a3 a6 11. b4 Ba7 12. Nd2 Nhf4 13. Nb3 Qg5 14. Bxf4 Nxf4 15. g3 Nxh3+ 16. Kg2 Nf4+ 17. Kg1 Qxg3+ 0-1